APUSH Period 4 - Statistics

General Stats
  • This quiz has been taken 12 times
  • The average score is 3 of 33
Answer Stats
Answer % Correct
james madison
42%
Louisiana purchase
42%
thomas jefferson
42%
war of 1812
42%
erie canal
25%
Market revolution
25%
Missouri compromise
25%
cotton gin
17%
Era of good feelings
17%
Monroe doctrine
17%
Treaty of Ghent
17%
Bank war
8%
Embargo Act
8%
steamboats
8%
commercial farming
0%
cotton kingdom
0%
end of federalist party
0%
gabriel's rebellion
0%
Germans
0%
growth of cities
0%
Haitian independence
0%
impressment
0%
Irish
0%
Marburdy vs madison
0%
Monroe presidency
0%
panic of 1819
0%
pet banks
0%
roads
0%
second national bank
0%
Tariff of 1816
0%
telegraph
0%
Thoreau
0%
turnpikes
0%
No matching quizzes found
Score Distribution
Percent of People with Each Score
Percentile by Number Answered
Your Score History
You have not taken this quiz